Personnel management and industrial laws / (Record no. 135219)
[ view plain ]
| 000 -LEADER | |
|---|---|
| fixed length control field | 00732nam a22002297a 4500 |
| 005 - DATE AND TIME OF LATEST TRANSACTION | |
| control field | 20170124110242.0 |
| 010 ## - LIBRARY OF CONGRESS CONTROL NUMBER | |
| LC control number | B-006076 |
| 020 ## - INTERNATIONAL STANDARD BOOK NUMBER | |
| Terms of availability | 95.00 |
| International Standard Book Number | 8170144485 |
| 035 ## - SYSTEM CONTROL NUMBER | |
| System control number | B-006076 |
| 037 ## - SOURCE OF ACQUISITION | |
| Source of stock number/acquisition | Cen Lib/Ret |
| 040 ## - CATALOGING SOURCE | |
| Original cataloging agency | DPL |
| Language of cataloging | EN |
| 082 ## - DEWEY DECIMAL CLASSIFICATION NUMBER | |
| Classification number | 658.3 |
| Item number | TRI |
| 100 ## - MAIN ENTRY--PERSONAL NAME | |
| Personal name | Tripathi, P.C. |
| 9 (RLIN) | 11776 |
| 245 ## - TITLE STATEMENT | |
| Title | Personnel management and industrial laws / |
| Statement of responsibility, etc | by P.C.Tripathi [and] N.D.Kapoor |
| 260 ## - PUBLICATION, DISTRIBUTION, ETC. (IMPRINT) | |
| Place of publication, distribution, etc | New Delhi |
| Name of publisher, distributor, etc | Sultan Chand & Sons |
| Date of publication, distribution, etc | 2000 |
| 270 ## - ADDRESS | |
| Address | 23, Daryaganj |
| City | New Delhi |
| Postal code | 110002 |
| 300 ## - PHYSICAL DESCRIPTION | |
| Extent | various pagings |
| Other physical details | 20cm(Hb) |
| 650 ## - SUBJECT ADDED ENTRY--TOPICAL TERM | |
| Topical term or geographic name as entry element | Personnel management. |
| 9 (RLIN) | 13632 |
| 650 ## - SUBJECT ADDED ENTRY--TOPICAL TERM | |
| Topical term or geographic name as entry element | Personnel management : theory and practice |
| 9 (RLIN) | 95237 |
| 700 ## - ADDED ENTRY--PERSONAL NAME | |
| Personal name | Kapoor, N.D. |
| 9 (RLIN) | 113731 |
| 942 ## - ADDED ENTRY ELEMENTS (KOHA) | |
| Source of classification or shelving scheme | Dewey Decimal Classification |
| Koha item type | English Books |
| Classification part | 658.3 |
| Call number suffix | TRI |
| Withdrawn status | Lost status | Damaged status | Not for loan | Home library | Current library | Date acquired | Source of acquisition | Cost, normal purchase price | Total Checkouts | Full call number | Barcode | Date last seen | Date checked out | Copy number | Cost, replacement price | Price effective from | Koha item type |
|---|---|---|---|---|---|---|---|---|---|---|---|---|---|---|---|---|---|
| Central Library | Central Library | 03/10/2015 | Cen Lib/Ret | 95.00 | 1 | 658.3 TRI | B-006076 | 19/09/2019 | 09/09/2019 | 1 | 95.00 | 15/09/2016 | English Books |
